000 01074nam a2200253 i 4500
001 177498
003 ES-MaACL
005 20250712024243.0
008 110329s1964 sp |||| | spa d
080 _a32(460)"19"
100 1 _aRobles Piquer, Carlos,
_d1925-2018
_997951
245 1 0 _aAsí nos gobernamos /
_cCarlos Robles Piquer.
260 _aMadrid :
_bAteneo :
_bEditora Nacional,
_c1964.
300 _a24 p. ;
_c20 cm.
490 1 _aColección Ateneo ;
_v15
594 _aConferencia pronunciada por el Director General de Información en la inauguración de curso del Ateneo Mercantil de Valencia, el jueves 5 de diciembre de 1963.
651 _aEspaña-
_xPolítica y gobierno-
_yS.XX.
_9145878
710 2 _aAteneo Mercantil (Valencia)
_92050
710 2 _aAteneo de Madrid.
_91875
830 0 _aColección Ateneo ;
_v15
_9180032
852 _aES-MaACL
_jA-6238 (15)
_xOlim P-512-bis
_z- En lomo: 12-22
852 _aES-MaACL
_jP-211-Ter-2-4
_z- En lomo: 12-22
_z- Enc. con otros títulos
999 _c177498
_d177498